Countries Without Olympics Medals - Statistics

General Stats
  • This quiz has been taken 545 times
    485 since last reset
  • The average score is 42 of 66
Answer Stats
Answer % Correct
Andorra
84%
San Marino
78%
Tuvalu
75%
Nauru
74%
Marshall Islands
73%
Seychelles
73%
Yemen
73%
Chad
72%
Fiji
72%
Guinea
72%
Monaco
72%
Palau
72%
Belize
71%
Bhutan
71%
Kiribati
71%
Nepal
71%
Brunei
70%
Lesotho
70%
Oman
70%
Rwanda
70%
Samoa
70%
Laos
69%
Vanuatu
69%
Antigua and Barbuda
68%
Benin
68%
Albania
67%
El Salvador
67%
Maldives
67%
Solomon Islands
67%
Cape Verde
66%
Mali
66%
Micronesia
66%
Gambia
65%
Honduras
65%
Madagascar
65%
Comoros
64%
East Timor
64%
Guinea-Bissau
64%
São Tomé and Príncipe
64%
Dominica
63%
Malta
63%
Angola
62%
Cambodia
62%
Equatorial Guinea
62%
Bangladesh
61%
Congo
61%
Somalia
61%
St. Lucia
61%
Mauritania
60%
Nicaragua
60%
St. Kitts and Nevis
60%
St. Vincent and the Grenadines
60%
Liberia
59%
Burkina Faso
58%
Myanmar
58%
Sierra Leone
58%
Malawi
57%
Turkmenistan
55%
Bolivia
54%
Papua New Guinea
54%
Jordan
52%
Swaziland
52%
Libya
50%
Central African Republic
43%
Bosnia and Herzegovinia
42%
Democratic Republic of the Congo
10%
No matching quizzes found
Score Distribution
Percent of People with Each Score
Percentile by Number Answered
Your Score History
You have not taken this quiz since the last reset